书目信息 |
| 题名: |
国立北平研究院简史
|
|
| 作者: | 刘晓 著 | |
| 分册: | ||
| 出版信息: | 北京 中国科学技术出版社 2014 |
|
| 页数: | 287页 | |
| 开本: | 26cm | |
| 丛书名: | ||
| 单 册: | ||
| 中图分类: | G322.71 | |
| 科图分类: | ||
| 主题词: | 科学院--科学研究组织机构--概况--北京--民国 | |
| 电子资源: | ||
| ISBN: | 978-7-5046-6728-1 | |
| 000 | 01021nam0 2200241 450 | |
| 001 | 012015000008 | |
| 005 | 20151210153727.12 | |
| 010 | @a978-7-5046-6728-1@dCNY86.00 | |
| 100 | @a20150104d2014 em y0chiy50 ea | |
| 101 | 0 | @achi |
| 102 | @aCN@b110000 | |
| 105 | @aa z 001yy | |
| 106 | @ar | |
| 200 | 1 | @a国立北平研究院简史@Aguo li bei ping yan jiu yuan jian shi@f刘晓著 |
| 210 | @a北京@c中国科学技术出版社@d2014 | |
| 215 | @a287页@c照片@d26cm | |
| 300 | @a中国科协三峡科技出版资助计划 | |
| 330 | @a本书从科学体制的角度对北平研究院的历史进行了全面的考察,在原始档案及文献基础上,梳理了北平研究院建院的政治和社会背景、资源条件、学界人才等要素及院长李石曾的作用和贡献;探讨了北平研究院的制度建设和研究工作,及其北平研究院所承载的中法文化交流和社会建设方面的功能;论述了北平研究院对中国科学院初期体制和组织建设的影响。 | |
| 606 | 0 | @a科学院@x科学研究组织机构@x概况@y北京@z民国 |
| 690 | @aG322.71@v5 | |
| 701 | 0 | @a刘晓@Aliu xiao@f(1978~)@4著 |
| 801 | 0 | @aCN@b碧洲教育@c20151129 |
| 905 | @a10447@f3@dG322.71@e39 | |
| 国立北平研究院简史/刘晓著.-北京:中国科学技术出版社,2014 |
| 287页:照片;26cm |
| 中国科协三峡科技出版资助计划 |
| ISBN 978-7-5046-6728-1:CNY86.00 |
| 本书从科学体制的角度对北平研究院的历史进行了全面的考察,在原始档案及文献基础上,梳理了北平研究院建院的政治和社会背景、资源条件、学界人才等要素及院长李石曾的作用和贡献;探讨了北平研究院的制度建设和研究工作,及其北平研究院所承载的中法文化交流和社会建设方面的功能;论述了北平研究院对中国科学院初期体制和组织建设的影响。 |
| ● |
| 相关链接 |
|
|
|
|
正题名:国立北平研究院简史
索取号:G322.71/39
 
预约/预借
| 序号 | 登录号 | 条形码 | 馆藏地/架位号 | 状态 | 备注 |
| 1 | 0872417 | 208724175 | 第一样本阅览室/ [索取号:G322.71/39] | 在馆 | |
| 2 | 0872418 | 208724184 | 教育系资料室/ [索取号:G322.71/39] | 在馆 | |
| 3 | 0872419 | 208724193 | 教育系资料室/ [索取号:G322.71/39] | 在馆 |